Las Políticas de vivienda del estado costarricense /

Las políticas de vivienda del estado costarricense del período 1960 en adelante. Parte de un análisis general de los distintos gobiernos durante el período seleccionado (del MCCA en adelante), enfatizando el carácter de las fracciones de la burguesía que controlan el aparato estatal. Estudia las act...

Celý popis

Uloženo v:
Podrobná bibliografie
Hlavní autor: Lungo Uclés, Mario
Další autoři: Richards, Edgardo, Tossatti, Alessandro, Valle, Marcos
Médium: Text
Jazyk:Spanish
Vydáno: San José: Universidad de Costa Rica, 1976
Témata:
Tagy: Přidat tag
Žádné tagy, Buďte první, kdo vytvoří štítek k tomuto záznamu!

MARC

LEADER 00000 a a2200000 04500
001 20024
003 cru CRAI/IIS
005 20210527124535.0
008 210505b |||||||| |||| 00| 0 spa d
040 |c cru CRAI/IIS 
090 |a 14.04.01 L963p 
100 1 |a Lungo Uclés, Mario  
245 1 4 |a Las Políticas de vivienda del estado costarricense /  |c Mario Lungo Uclés, Edgardo Richards, Alessandro Tosatti, Marcos Valle 
260 |a San José:   |b Universidad de Costa Rica,  |c 1976 
300 |a 67 p  
500 |a Colección Centroamérica 
520 |a Las políticas de vivienda del estado costarricense del período 1960 en adelante. Parte de un análisis general de los distintos gobiernos durante el período seleccionado (del MCCA en adelante), enfatizando el carácter de las fracciones de la burguesía que controlan el aparato estatal. Estudia las actividades de las instituciones encargadas de la vivienda y el proyecto Ley que crea el Fondo Nacional de la Vivienda. jmml  
650 |a POLITICA DE VIVIENDA  
650 |a ESTADO  
650 |a POLITICA GUBERNAMENTAL  
700 1 |a Richards, Edgardo  
700 1 |a Tossatti, Alessandro  
700 1 |a Valle, Marcos  
942 |2 ddc  |c LI 
999 |c 10842  |d 10842